=LDR 00000nam 2200000 4500 =001 INLIS000000000002027 =005 20130612090409 =008 ***********************************Ind** =035 ##$$0010-061300000002027 =041 ##$$a Ind =082 ##$$a 612 =090 ##$$a 612, War o =100 ##$$a Ward,Brian R =245 ##$$a Otak dan sistem saraf, Brian R.Ward;penerjemah,Loehoer Widjajanto =260 ##$$a 1981 $b Semarang =300 ##$$a 48 hlm, ilus, 24 cm =650 ##$$a Tubuh Manusia-Saraf =700 ##$$a Wijayanto,Luhur =850 ##$$a NBPNMAT